000 00322nam a2200133Ia 4500
008 191201s2008 xx 000 0 und d
100 _aDeswal, S
245 0 _aBasic of Biotechnology
250 _aRep.
260 _c2008
_bDhanpat Rai Pubns (P) Ltd
_aN.Delhi
300 _amisc
650 _aAPPLIED
942 _2ddc
_cBB
_015
999 _c7262
_d7262